Uzbekistańska imigracja według państw - Statystyki

Ogólne statystyki
  • Ten quiz został rozwiązany 83 razy
  • Średni wynik to 15 z 20
Statystyki odpowiedzi
Ludzie Państwo % Poprawnych
1 022 000 Rosja
100%
11 900 Tadżykistan
96%
800 Turkmenistan
94%
13 650 Kazachstan
93%
5 050 Kirgistan
93%
965 Indie
86%
900 Turcja
84%
145 600 Ukraina
84%
950 Pakistan
81%
770 Gruzja
80%
640 Iran
80%
6 100 Armenia
78%
21 100 Azerbejdżan
77%
27 500 Białoruś
77%
8 930 Niemcy
67%
645 Litwa
61%
650 Łotwa
61%
655 Mołdawia
59%
1 110 Rumunia
52%
500 Bułgaria
43%
Nie znaleziono quizów pasujących do podanych kryteriów
Rozkład punktacji
Procent ludzi z każdym wynikiem
Percentyl według liczby udzielonych odpowiedzi
Twoja historia wyników
Nie rozwiązałeś tego quizu